Central Library OPAC University of Rajshahi

The tradition of the new / (Record no. 59568)

MARC details
000 -LEADER
fixed length control field 01005nam a2200301 a 4500
001 - CONTROL NUMBER
control field 59568
003 - CONTROL NUMBER IDENTIFIER
rucl marc code BD-RJUL
005 - DATE AND TIME OF LATEST TRANSACTION
control field 20211209080739.0
008 - FIXED-LENGTH DATA ELEMENTS--GENERAL INFORMATION
fixed length control field 161226r19621960nyu 000 0 eng
035 ## - SYSTEM CONTROL NUMBER
System control number BD-RJUL 59692
System control number (OCoLC)139389
040 ## - CATALOGING SOURCE
Original cataloging agency DLC
Transcribing agency DLC
Modifying agency m.c
Language of cataloging eng
041 ## - LANGUAGE CODE
Language code of text/sound track or separate title eng
082 ## - DEWEY DECIMAL CLASSIFICATION NUMBER
Edition number 23
Classification number 700.9
Author mark and year ROT 1962
099 ## - LOCAL FREE-TEXT CALL NUMBER (OCLC)
Bangla Class number *ML A.8Q - 7-GM6 - G0 :
Feature heading The tradition of the new (Rosenberg)
Bangla Class number *ML A.4-Q - BC*VM6 - G0 :
Feature heading The tradition of the new (Rosenberg)
Bangla Class number *ML A.3U-Q-MOD2 - 5 - G0 :
Feature heading The tradition of the new (Rosenberg)
100 1# - MAIN ENTRY--PERSONAL NAME
Personal name Rosenberg, Harold,
Dates associated with a name 1906-1978.
9 (RLIN) 177185
245 14 - TITLE STATEMENT
Title The tradition of the new /
Statement of responsibility, etc. by Harold Rosenberg
260 ## - PUBLICATION, DISTRIBUTION, ETC. (IMPRINT)
Place of publication, distribution, etc. Freeport, N.Y :
Name of publisher, distributor, etc. Books for Libraries Press,
Date of publication, distribution, etc. [1962, c1960]
300 ## - PHYSICAL DESCRIPTION
Pagination 285 p. ;
Size 23 cm
650 #0 - SUBJECT ADDED ENTRY--TOPICAL TERM
Topical term or geographic name as entry element Arts
9 (RLIN) 177186
Topical term or geographic name as entry element Culture
9 (RLIN) 170832
Topical term or geographic name as entry element Literature.
9 (RLIN) 177187
830 #0 - SERIES ADDED ENTRY--UNIFORM TITLE
Uniform title Essay index reprint series
942 ## - ADDED ENTRY ELEMENTS (KOHA)
Source of classification or shelving scheme Dewey Decimal Classification
Koha item type Books
Holdings
Lost status Source of classification or shelving scheme Damaged status Not for loan Collection code Permanent Location Current Location Shelving location Date acquired Source of acquisition Cost, normal purchase price Total Checkouts Full call number Date last seen Copy number Koha item type
  Dewey Decimal Classification   Not For Loan Non-fiction Central Library, University of Rajshahi Central Library, University of Rajshahi Reading Room 21/03/1964 Zeetlinger 30.00   700.9 ROT 1962 26/12/2016 C-1 Books